<?xml version="1.0" encoding="UTF-8"?>
<record
    xmlns:xsi="http://www.w3.org/2001/XMLSchema-instance"
    xsi:schemaLocation="http://www.loc.gov/MARC21/slim http://www.loc.gov/standards/marcxml/schema/MARC21slim.xsd"
    xmlns="http://www.loc.gov/MARC21/slim">

  <leader>02234nam a22002657a 4500</leader>
  <datafield tag="999" ind1=" " ind2=" ">
    <subfield code="c">21943</subfield>
    <subfield code="d">21943</subfield>
  </datafield>
  <controlfield tag="003">AR-CdUCM</controlfield>
  <controlfield tag="008">190425b           ||||| |||| 00| 0 spa d</controlfield>
  <datafield tag="040" ind1=" " ind2=" ">
    <subfield code="a">MUNICIPALIDAD PROVINCIAL DEL CUSCO</subfield>
    <subfield code="c">BIBLIOTECA MUNICIPAL DEL CUSCO</subfield>
  </datafield>
  <datafield tag="082" ind1=" " ind2=" ">
    <subfield code="a">Rev.Anto/N&#xB0;113/2008</subfield>
  </datafield>
  <datafield tag="110" ind1=" " ind2=" ">
    <subfield code="a">Universidad Nacional de San Antonio Abad del Cusco</subfield>
    <subfield code="9">15942</subfield>
  </datafield>
  <datafield tag="245" ind1=" " ind2=" ">
    <subfield code="a">El Antoniano :</subfield>
    <subfield code="b">Revista cient&#xED;fico cultural de la Universidad Nacional de San Antonio Abad del Cusco /</subfield>
    <subfield code="c">Hugo Bonet Rodr&#xED;guez, director</subfield>
  </datafield>
  <datafield tag="260" ind1=" " ind2=" ">
    <subfield code="a">Cusco :</subfield>
    <subfield code="b">UNSAAC,</subfield>
    <subfield code="c">2008.</subfield>
  </datafield>
  <datafield tag="300" ind1=" " ind2=" ">
    <subfield code="a">212 p&#xE1;ginas. :</subfield>
    <subfield code="b">ilustraciones ;</subfield>
    <subfield code="c">29 cm.</subfield>
  </datafield>
  <datafield tag="440" ind1=" " ind2=" ">
    <subfield code="a">El Antononiano.</subfield>
    <subfield code="n">A&#xF1;o 18, N&#xB0;113, primer y segundo trimestre 2008.</subfield>
    <subfield code="9">46953</subfield>
  </datafield>
  <datafield tag="505" ind1=" " ind2=" ">
    <subfield code="a">Contenido: El ma&#xED;z recurso alimenticio. Jos&#xE9; Escalante. -- Nanotecnolog&#xED;a. Abel Canal. -- Reflexiones sobre el sismo del 15 de agosto del 2007. -- La descodificaci&#xF3;n de los tocapus incas el caso de la llave inca y barthel&#xB4;s N&#xB0;16. Gail Silverman. -- Choqek&#xB4;irao testimonio de alta ciencia andina. Armando Valenzuela. -- Proteger a los c&#xF3;ndores andinos. Miguel Ayala Silva Le&#xF3;n. -- El cuye en la cultura andina. Leandro Sanz. -- Barrio de Santa Ana din&#xE1;micas culturales. Florentino Champi. -- El movimiento moderno en el Cusco. Jorge D&#xED;az. -- Los ejes hoteleros gemelos de la ciudad de Cusco. Mar&#xED;a Torres. -- Historia y memoria de la violencia de Haquira. Hern&#xE1;n Sullca. -- M&#xFA;sica del altiplano. Jorge Flores Ochoa. -- Juan Bravo Vizcarra. &#xC1;ngel Avenda&#xF1;o. -- Odi Gonzales, poes&#xED;a. Miguel Paz. -- El tabaco y sus peligros. Oscar Valiente. -- Plaga de alcoholismo en el Cusco. Am&#xE9;rico del Campo. -- El pensamiento m&#xE1;gico de los Machiguenga. Urbano L&#xF3;pez Romero. -- La ruta de la plata articulaci&#xF3;n y el circuito financiero de Cusco Siglo XVIII. V&#xED;ctor Aguilar, Margareth Najarro. -- Sobre las piezas arqueol&#xF3;gicas de Bingham se llev&#xF3;. David Ugarte Vega Centeno.</subfield>
  </datafield>
  <datafield tag="650" ind1=" " ind2=" ">
    <subfield code="a">Folklore cusque&#xF1;o</subfield>
    <subfield code="9">8693</subfield>
  </datafield>
  <datafield tag="650" ind1=" " ind2=" ">
    <subfield code="a">Identidad cultural</subfield>
    <subfield code="9">2943</subfield>
  </datafield>
  <datafield tag="650" ind1=" " ind2=" ">
    <subfield code="a">Inkas</subfield>
    <subfield code="9">1899</subfield>
  </datafield>
  <datafield tag="650" ind1=" " ind2=" ">
    <subfield code="a">Antropolog&#xED;a cusque&#xF1;a</subfield>
    <subfield code="9">45862</subfield>
  </datafield>
  <datafield tag="700" ind1=" " ind2=" ">
    <subfield code="a">Flores Ochoa, Jorge</subfield>
    <subfield code="9">2915</subfield>
  </datafield>
  <datafield tag="700" ind1=" " ind2=" ">
    <subfield code="a">Zegarra Balc&#xE1;zar, Jorge Miguel</subfield>
    <subfield code="9">46952</subfield>
  </datafield>
  <datafield tag="710" ind1=" " ind2=" ">
    <subfield code="a">Universidad Nacional de San Antonio Abad del Cusco</subfield>
    <subfield code="9">15942</subfield>
  </datafield>
  <datafield tag="942" ind1=" " ind2=" ">
    <subfield code="2">ddc</subfield>
    <subfield code="c">PP</subfield>
  </datafield>
  <datafield tag="945" ind1=" " ind2=" ">
    <subfield code="a">rac</subfield>
  </datafield>
  <datafield tag="952" ind1=" " ind2=" ">
    <subfield code="0">0</subfield>
    <subfield code="2">ddc</subfield>
    <subfield code="4">0</subfield>
    <subfield code="7">0</subfield>
    <subfield code="a">HEM</subfield>
    <subfield code="b">HEM</subfield>
    <subfield code="c">CART</subfield>
    <subfield code="d">2022-01-12</subfield>
    <subfield code="g">10.00</subfield>
    <subfield code="o">Rev.Anto/N&#xB0;113/2008</subfield>
    <subfield code="p">REVC000457</subfield>
    <subfield code="r">2022-01-12</subfield>
    <subfield code="y">PP</subfield>
  </datafield>
</record>
